[Event "Ì13Â"]
[Site "Loo"]
[Date "2017.04.28"]
[Round "9.18"]
[White "Òèòîâ, Àëåêñàíäð."]
[Black "Ìàõëèí, Ìèðîí."]
[Result "1-0"]
[WhiteElo "1704"]
[BlackElo "1832"]
[PlyCount "59"]
[EventDate "2017.04.20"]

1. d4 d6 2. c4 e5 3. dxe5 dxe5 4. Qxd8+ Kxd8 5. b3 c6 6. Bb2 f6 7. Nc3 Be6 8.
O-O-O+ Kc7 9. g3 Nh6 10. h3 a5 11. e4 Bc5 12. Rh2 Nd7 13. Nge2 Nb6 14. a4 Nf7
15. f4 Rad8 16. f5 Bc8 17. Kc2 Nd7 18. Nc1 Nb8 19. Nd3 Be7 20. Rhd2 Na6 21. Na2
g6 22. g4 h5 23. fxg6 Ng5 24. Nxe5 fxe5 25. Bxe5+ Kb6 26. Rxd8 Rxd8 27. Rxd8
Bxd8 28. g7 Be6 29. c5+ Nxc5 30. Bc4 1-0

[Event "Ì13Â"]
[Site "Loo"]
[Date "2017.04.28"]
[Round "9.20"]
[White "Áåëîøàïêî, Ìàòâåé."]
[Black "Êîçóáîâ, Ìèõàèë."]
[Result "1-0"]
[WhiteElo "1750"]
[BlackElo "1732"]
[PlyCount "135"]
[EventDate "2017.04.20"]

1. e4 c5 2. Nc3 e6 3. f4 d5 4. exd5 exd5 5. Bb5+ Nc6 6. Bxc6+ bxc6 7. d3 Nf6 8.
Nf3 Bd6 9. O-O O-O 10. Ne5 Qc7 11. Qe1 Re8 12. Qh4 Rb8 13. Rb1 Be6 14. Nf3 Qb6
15. Na4 Qa5 16. b3 Qc7 17. Bb2 d4 18. Ng5 Bd5 19. Ba3 Re2 20. Rf2 Rxf2 21. Kxf2
Qa5 22. Rd1 h6 23. Nf3 Re8 24. Bc1 Qc7 25. Bd2 Qd7 26. h3 Qc7 27. Nb2 Be7 28.
Qg3 Nh5 29. Qh2 Bxf3 30. Kxf3 Bd6 31. Nc4 Bf8 32. g4 Nf6 33. Re1 Rxe1 34. Bxe1
Nd5 35. Bg3 Qe7 36. a3 Nc3 37. Qf2 Qd8 38. Qe1 Qd5+ 39. Kf2 Qd7 40. Qe5 Nd1+
41. Ke1 Nc3 42. f5 Kh7 43. Nd6 Nd5 44. Nc4 Nc3 45. h4 Qd5 46. Qxd5 cxd5 47. Na5
Nb5 48. a4 Bd6 49. Bxd6 Nxd6 50. Nc6 a6 51. Ne7 h5 52. g5 f6 53. g6+ Kh8 54.
Kf2 Ne8 55. Nxd5 Kg8 56. Kf3 Kf8 57. b4 Nd6 58. Kf4 Nb7 59. b5 axb5 60. axb5
Ke8 61. Nc7+ Kf8 62. Ne6+ Kg8 63. b6 Kh8 64. Ke4 Nd6+ 65. Kd5 Nxf5 66. b7 Ne7+
67. Kxc5 Nxg6 68. b8=Q+ 1-0

[Event "Ì13Â"]
[Site "Loo"]
[Date "2017.04.28"]
[Round "9.21"]
[White "Ïîñòàíîãîâ, Äìèòðèé."]
[Black "Äìèòðèåâ, Èâàí."]
[Result "1-0"]
[WhiteElo "1801"]
[BlackElo "1666"]
[PlyCount "47"]
[EventDate "2017.04.20"]

1. e4 e6 2. d4 b6 3. Bd3 Bb7 4. Nf3 Nf6 5. Qe2 d5 6. e5 Ne4 7. Nbd2 Nxd2 8.
Bxd2 Be7 9. O-O Nd7 10. c3 c5 11. Ne1 O-O 12. f4 Bc8 13. Nf3 Nb8 14. g4 a5 15.
f5 Ba6 16. Bxa6 Nxa6 17. Qg2 Nc7 18. Qh3 f6 19. Rf2 cxd4 20. cxd4 Ra7 21. Raf1
Ra8 22. exf6 gxf6 23. Rg2 Rf7 24. Qh5 1-0

[Event "Ì13Â"]
[Site "Loo"]
[Date "2017.04.28"]
[Round "9.22"]
[White "Êîë÷èí, Ìàêñèì."]
[Black "Ñìèðíîâ, Ìàðê."]
[Result "1/2-1/2"]
[WhiteElo "1713"]
[BlackElo "1786"]
[PlyCount "89"]
[EventDate "2017.04.20"]

1. e4 c5 2. Nf3 d6 3. d4 cxd4 4. Nxd4 Nf6 5. Nc3 g6 6. f3 Bg7 7. Be3 O-O 8. Qd2
Nc6 9. g4 Be6 10. O-O-O Nxd4 11. Bxd4 Qa5 12. Kb1 Rfc8 13. h4 Rxc3 14. Qxc3
Qxa2+ 15. Kc1 Rc8 16. Qa3 Qxa3 17. bxa3 Nd7 18. Bxg7 Kxg7 19. Be2 Ne5 20. Rhg1
Bc4 21. Bxc4 Rxc4 22. f4 Nf3 23. Rg3 Nxh4 24. e5 Rxf4 25. exd6 exd6 26. Rxd6
Ra4 27. Kb2 g5 28. Kb3 Rf4 29. Rd7 Nf3 30. Rxb7 Nd2+ 31. Ka2 Rc4 32. Kb2 Ne4
33. Rf3 Nf6 34. Rxa7 Rxg4 35. a4 h5 36. a5 Ra4 37. Rf1 h4 38. Kb3 Re4 39. a6 h3
40. Ra8 Re8 41. Ra7 g4 42. Rb7 g3 43. Rf3 Nh5 44. Rbxf7+ Kg6 45. R7f6+ 1/2-1/2

[Event "Ì13Â"]
[Site "Loo"]
[Date "2017.04.28"]
[Round "9.23"]
[White "Êó÷åðîâ, Ìàòâåé."]
[Black "Ïàíüêîâ, Äàíèèë."]
[Result "0-1"]
[WhiteElo "1709"]
[BlackElo "1764"]
[PlyCount "106"]
[EventDate "2017.04.20"]

1. d4 Nf6 2. e3 d5 3. Bd3 e6 4. c3 c5 5. f4 Nfd7 6. Nf3 f5 7. O-O Bd6 8. Ne5
O-O 9. Nd2 Nf6 10. Qe2 Ne4 11. Bxe4 fxe4 12. g4 b6 13. Rf2 Ba6 14. Qd1 Bxe5 15.
dxe5 Bb7 16. Nf1 Nc6 17. Ng3 Qc7 18. b3 Rad8 19. Bb2 Ba6 20. h4 Qf7 21. Qe1 Qg6
22. g5 Ne7 23. h5 Qe8 24. Rh2 Nf5 25. Nxf5 exf5 26. h6 g6 27. a4 Qe6 28. Qd1
Bd3 29. Rf2 a5 30. Ra3 Qe7 31. Ra1 Qe6 32. Ra3 Qe7 33. Ra1 Kf7 34. Rg2 Qb7 35.
Ra3 Rb8 36. Qa1 Ke6 37. Kh2 Ra8 38. Bc1 Rfd8 39. Rga2 Rac8 40. Rg2 Qd7 41. Bb2
Rc6 42. Kh1 Rdc8 43. Kh2 R8c7 44. Kg3 Rc8 45. Kh2 d4 46. cxd4 cxd4 47. Bxd4 Rc1
48. Qa2 R8c2 49. Bb2 Rxg2+ 50. Kxg2 Rc2+ 51. Kg1 Ba6 52. b4+ Bc4 53. Qb1 Qd2
0-1

[Event "Ì13Â"]
[Site "Loo"]
[Date "2017.04.28"]
[Round "9.24"]
[White "Áîéêî, Àëåêñàíäð."]
[Black "Äàí÷åíêî, Àðòåìèé."]
[Result "0-1"]
[WhiteElo "1586"]
[BlackElo "1888"]
[PlyCount "66"]
[EventDate "2017.04.20"]

1. Nf3 Nf6 2. g3 g6 3. Bg2 Bg7 4. O-O O-O 5. c4 d6 6. Nc3 Nc6 7. Rb1 e5 8. d3
Nd7 9. Bd2 h6 10. b4 f5 11. b5 Ne7 12. Ne1 g5 13. a4 Kh7 14. a5 Rb8 15. Nd5 Ng6
16. b6 axb6 17. axb6 c6 18. Ne3 Ra8 19. Bxc6 bxc6 20. b7 Bxb7 21. Rxb7 Nc5 22.
Rb1 Qd7 23. Bb4 Na6 24. Nf3 g4 25. Nd2 Nxb4 26. Rxb4 f4 27. Ng2 Qf5 28. e4 Qh5
29. f3 fxg3 30. hxg3 gxf3 31. Nxf3 Qg4 32. Kh2 Ra2 33. Rb6 Nf4 0-1

[Event "Ì13Â"]
[Site "Loo"]
[Date "2017.04.28"]
[Round "9.25"]
[White "Áàçûðöûðåíîâ, Êèðèëë."]
[Black "Ìîðîçîâ, Ãåííàäèé."]
[Result "0-1"]
[WhiteElo "1831"]
[BlackElo "1738"]
[PlyCount "64"]
[EventDate "2017.04.20"]

1. e4 e6 2. d4 d5 3. Nc3 Nf6 4. Bg5 Bb4 5. e5 h6 6. Bc1 Bxc3+ 7. bxc3 Ne4 8.
Qg4 Kf8 9. Ne2 c5 10. f3 Ng5 11. h4 Nh7 12. Nf4 Qc7 13. Nh5 f5 14. exf6 Nxf6
15. Nxf6 gxf6 16. Ba3 b6 17. Bb5 a6 18. dxc5 Qe5+ 19. Kd2 axb5 20. cxb6+ Rxa3
21. Qb4+ Kf7 22. Qxa3 Rg8 23. g4 Qf4+ 24. Ke2 Ba6 25. Qb4 Qe5+ 26. Kf2 Rc8 27.
Kg2 Rxc3 28. Rae1 Rxc2+ 29. Kh3 Qc3 30. Qf4 Qd2 31. Rh2 Qxf4 32. Rxc2 Qxf3+ 0-1

[Event "Ì15Ï"]
[Site "Loo"]
[Date "2017.04.28"]
[Round "9.1"]
[White "Êèñåëåâ, Âëàäèñëàâ."]
[Black "Ñëóãèí, ßðîñëàâ."]
[Result "1/2-1/2"]
[WhiteElo "1993"]
[BlackElo "1974"]
[PlyCount "80"]
[EventDate "2017.04.20"]

1. e4 c5 2. Nf3 Nc6 3. d4 cxd4 4. Nxd4 Nf6 5. Nc3 d6 6. Bg5 e6 7. Qd2 a6 8.
O-O-O h6 9. Bf4 d5 10. exd5 exd5 11. Be2 Bb4 12. Bf3 O-O 13. Qd3 Be6 14. Kb1
Rc8 15. Nce2 Qd7 16. h3 Bc5 17. g4 Ne4 18. Rhf1 Nxd4 19. Nxd4 Bxd4 20. Qxd4 Qc6
21. c3 Qb5 22. Bxe4 dxe4 23. Rfe1 Qa5 24. b3 Qxc3 25. Qxc3 Rxc3 26. Be3 Rfc8
27. Rd4 f5 28. gxf5 Bxf5 29. h4 Kf7 30. Rd6 R3c6 31. Red1 Rxd6 32. Rxd6 Rc7 33.
Kb2 Rd7 34. Rxd7+ Bxd7 35. Kc3 Ke6 36. Bd4 g5 37. hxg5 hxg5 38. b4 Kf5 39. Kd2
Kf4 40. Be3+ Kf5 1/2-1/2

[Event "Ì15Ï"]
[Site "Loo"]
[Date "2017.04.28"]
[Round "9.2"]
[White "Àñàòðÿí, Ãîð."]
[Black "Ñîìêèí, Êèðèëë."]
[Result "1/2-1/2"]
[WhiteElo "1916"]
[BlackElo "1942"]
[PlyCount "82"]
[EventDate "2017.04.20"]

1. e4 e5 2. Nf3 Nc6 3. Bb5 Nge7 4. Nc3 d6 5. d4 exd4 6. Nxd4 Bd7 7. Be3 Nxd4 8.
Bxd7+ Qxd7 9. Qxd4 Nc6 10. Qd2 Be7 11. O-O-O O-O-O 12. Nd5 Rhe8 13. f3 Kb8 14.
Qc3 Bf8 15. g4 Ne5 16. Bf4 c6 17. Nb4 Qe6 18. Kb1 Qf6 19. Qe3 Nc4 20. Qc1 Qe6
21. Nd3 Ka8 22. b3 Ne5 23. Qe3 g6 24. Nxe5 dxe5 25. Bg5 f6 26. Bh4 Ba3 27. Bf2
b6 28. Qe2 Kb7 29. Rd3 Rxd3 30. Qxd3 Be7 31. Rd1 Rd8 32. Qe2 Rxd1+ 33. Qxd1 Qd6
34. Qxd6 Bxd6 35. Bh4 Be7 36. Bf2 Bd6 37. Bh4 Be7 38. Bf2 Bd6 39. Bh4 Be7 40.
Bf2 Bd6 41. Bh4 Be7 1/2-1/2

[Event "Ì15Ï"]
[Site "Loo"]
[Date "2017.04.28"]
[Round "9.3"]
[White "Áîáêîâ, Âàäèì."]
[Black "Ãàáäðàõìàíîâ, Àçàò."]
[Result "0-1"]
[WhiteElo "1894"]
[BlackElo "2011"]
[PlyCount "88"]
[EventDate "2017.04.20"]

1. d4 Nf6 2. c4 g6 3. Nc3 Bg7 4. e4 d6 5. Be2 O-O 6. Bg5 c5 7. d5 Na6 8. Qd2
Re8 9. Nf3 Bg4 10. O-O Nc7 11. Rfe1 e5 12. a3 Qd7 13. b4 cxb4 14. axb4 Nh5 15.
Be3 Nf4 16. Bxa7 f5 17. Be3 h6 18. h3 Bh5 19. Nh2 Nxe2+ 20. Nxe2 g5 21. f3 Bg6
22. Nc3 b5 23. c5 dxc5 24. Bxc5 Na6 25. Qd3 Nxc5 26. bxc5 b4 27. Rxa8 Rxa8 28.
Qb5 Qa7 29. Qxb4 Bf8 30. Qc4 Qxc5+ 31. Qxc5 Bxc5+ 32. Kf1 Ra3 33. Nd1 Bb4 34.
Re3 Ra1 35. Ke2 Ra2+ 36. Kf1 Ra1 37. Ke2 Be8 38. Nc3 Ra3 39. Kd2 f4 40. Rd3 Bb5
41. Ng4 Bxd3 42. Kxd3 Rxc3+ 43. Ke2 Rc2+ 44. Kd3 Rxg2 0-1

[Event "Ì15Ï"]
[Site "Loo"]
[Date "2017.04.28"]
[Round "9.4"]
[White "Áðàò÷èêîâ, Âëàäèñëàâ."]
[Black "Òÿïêèí, Ïåòð."]
[Result "1/2-1/2"]
[WhiteElo "1894"]
[BlackElo "1960"]
[PlyCount "80"]
[EventDate "2017.04.20"]

1. d4 Nf6 2. c4 c5 3. Nf3 g6 4. Nc3 Bg7 5. e4 O-O 6. dxc5 Na6 7. Qc2 Nxc5 8.
Be2 b6 9. Be3 Bb7 10. Nd2 d6 11. O-O Rc8 12. Rad1 Qc7 13. b4 Ncd7 14. Qb3 a6
15. Rc1 Qb8 16. h3 Qa8 17. Qb1 e6 18. f4 d5 19. e5 Ne8 20. cxd5 exd5 21. Bf3
Nc7 22. Qb3 Rfd8 23. Na4 d4 24. Bxd4 b5 25. Nb2 Ne6 26. Be3 Ndf8 27. Rxc8 Rxc8
28. Rd1 Bh6 29. Nd3 Bxf3 30. Nxf3 Qe4 31. Nf2 Qb7 32. Ng5 Rc4 33. Nd3 Nxg5 34.
fxg5 Bg7 35. Bc5 Ne6 36. Qb1 Qc7 37. Nb2 Rc3 38. Qe4 Nxc5 39. bxc5 Qxc5+ 40.
Kh2 Rc1 1/2-1/2

[Event "Ì15Ï"]
[Site "Loo"]
[Date "2017.04.28"]
[Round "9.5"]
[White "Äîëãèðåâ, Ëåâ."]
[Black "Êðåòîâ, Ëåîíèä."]
[Result "0-1"]
[WhiteElo "1669"]
[BlackElo "1911"]
[PlyCount "88"]
[EventDate "2017.04.20"]

1. d4 d5 2. c4 Nc6 3. Nf3 Bg4 4. Nc3 e6 5. cxd5 exd5 6. Bg5 Be7 7. Bxe7 Ngxe7
8. e3 O-O 9. Bd3 h6 10. h3 Be6 11. O-O Na5 12. b4 Nc4 13. Qe2 Nd6 14. Ne5 Bf5
15. Rac1 g6 16. Bxf5 Ndxf5 17. Nd3 b6 18. b5 c6 19. bxc6 Nxc6 20. Qf3 Nce7 21.
Nf4 Qd7 22. Ncxd5 Rac8 23. Nxe7+ Nxe7 24. Qe4 Rfe8 25. Qd3 Qa4 26. Qb1 f5 27.
d5 Qa3 28. Rcd1 Red8 29. Rd3 Rc3 30. Rfd1 Rd6 31. Rxc3 Qxc3 32. Rc1 Qe5 33. Rc7
Nxd5 34. Nxd5 Rxd5 35. Rxa7 Qd6 36. Qb3 Kh8 37. g3 Rd1+ 38. Kh2 Rd2 39. Kg1
Rd1+ 40. Kh2 Qd2 41. Kg2 Qe1 42. g4 Qh1+ 43. Kg3 Rg1+ 44. Kh4 Rxg4# 0-1

[Event "Ì15Ï"]
[Site "Loo"]
[Date "2017.04.28"]
[Round "9.6"]
[White "Áðèíü, Èëüÿ."]
[Black "Àãàáåêîâ, Ñàâåëèé."]
[Result "1-0"]
[WhiteElo "1909"]
[BlackElo "1700"]
[PlyCount "109"]
[EventDate "2017.04.20"]

1. e4 e5 2. Nc3 Nf6 3. Bc4 Nc6 4. d3 Na5 5. f4 Nxc4 6. dxc4 exf4 7. Bxf4 Bb4 8.
Qd3 O-O 9. Nge2 Re8 10. O-O-O Qe7 11. Bg5 Bxc3 12. Nxc3 Qe5 13. Bxf6 Qxf6 14.
Nd5 Qe5 15. Rhf1 c6 16. Nc3 Qxh2 17. Qf3 Qh6+ 18. Kb1 Qg6 19. Qf4 d5 20. cxd5
cxd5 21. Nxd5 Bg4 22. Rd4 Rac8 23. Nc7 Rf8 24. Rd6 Be6 25. Nd5 Rfe8 26. Ne3 Qh5
27. Rf3 Qa5 28. a3 Rcd8 29. Rf1 Rxd6 30. Qxd6 Rd8 31. Qe7 Qb6 32. Nd5 Qd6 33.
Qxb7 Bxd5 34. exd5 Qxd5 35. Qxa7 Qc4 36. Re1 Rc8 37. Qf2 g6 38. Qe2 h5 39. Qxc4
Rxc4 40. b4 Kg7 41. Kb2 Rg4 42. Re2 Rd4 43. b5 f5 44. Kc3 Rd1 45. Rd2 Rb1 46.
a4 Kf6 47. Rd4 Ke5 48. Rb4 Rxb4 49. Kxb4 Kd6 50. Kc3 g5 51. Kd3 g4 52. g3 f4
53. gxf4 h4 54. Ke2 g3 55. Kf3 1-0

[Event "Ì15Ï"]
[Site "Loo"]
[Date "2017.04.28"]
[Round "9.7"]
[White "Êîïòåâ, Ðóñëàí."]
[Black "Äîëãèõ, Åâãåíèé."]
[Result "1/2-1/2"]
[WhiteElo "1814"]
[BlackElo "2003"]
[PlyCount "124"]
[EventDate "2017.04.20"]

1. e4 c5 2. Nf3 Nf6 3. e5 Nd5 4. Nc3 Nxc3 5. dxc3 e6 6. Bd3 Nc6 7. O-O Qc7 8.
Re1 Be7 9. Qe2 d5 10. exd6 Bxd6 11. h3 Bd7 12. Bd2 h6 13. Rad1 O-O-O 14. b4
cxb4 15. cxb4 Nxb4 16. Rb1 Nxd3 17. cxd3 Bc6 18. Rec1 Rd7 19. d4 Ba3 20. Rc3
Bd6 21. d5 exd5 22. Nd4 Be5 23. Rxc6 bxc6 24. Qa6+ Kd8 25. Ba5 Bxd4 26. Bxc7+
Kxc7 27. Rb7+ Kd6 28. Rxd7+ Kxd7 29. Qb7+ Kd6 30. Qxf7 Rb8 31. Qg6+ Bf6 32. g4
Ke7 33. Qd3 Kd6 34. Qa3+ c5 35. Qxa7 Rb1+ 36. Kg2 Rb2 37. Qa6+ Ke5 38. Kg3 g5
39. Qa3 Kd6 40. Qa6+ Ke5 41. Qc8 Kd4 42. Qa6 Be5+ 43. Kf3 Rd2 44. Qxh6 Rxa2 45.
Qxg5 Ra3+ 46. Kg2 c4 47. f4 Bd6 48. Qf6+ Kc5 49. g5 c3 50. g6 Ra2+ 51. Kf3 c2
52. Qc3+ Kb6 53. Kg4 Ba3 54. Qb3+ Kc6 55. Qxa2 c1=Q 56. g7 Qd1+ 57. Kf5 Qh5+
58. Kf6 Qh6+ 59. Kf7 Qh5+ 60. Kf6 Qh6+ 61. Kf7 Qh5+ 62. Kf6 Qh6+ 1/2-1/2

[Event "Ì15Ï"]
[Site "Loo"]
[Date "2017.04.28"]
[Round "9.8"]
[White "Ìåñòíèêîâ, Àéäûí."]
[Black "Ãàãàðèí, Âàñèëèé."]
[Result "0-1"]
[WhiteElo "1699"]
[BlackElo "1956"]
[PlyCount "72"]
[EventDate "2017.04.20"]

1. d4 Nf6 2. c4 c5 3. d5 e5 4. dxe6 fxe6 5. Nc3 Be7 6. Nf3 O-O 7. e4 d6 8. Be2
b6 9. O-O Bb7 10. Qc2 Nfd7 11. b3 Nc6 12. Bb2 a6 13. Rad1 Qe8 14. Qd2 Qg6 15.
Qe3 Rf7 16. h3 Raf8 17. Kh1 Rf4 18. Bd3 Rxf3 19. gxf3 Bg5 20. Rg1 Bxe3 21. Rxg6
hxg6 22. fxe3 Rxf3 23. Be2 Rxe3 24. Rxd6 Nf6 25. Rxe6 Nd4 26. Rxb6 Nxe2 27.
Nxe2 Bxe4+ 28. Kg1 Rxe2 29. Bxf6 gxf6 30. Rxa6 Bb1 31. Rxf6 Rxa2 32. Rb6 Rb2
33. Rb5 Bc2 34. Rxc5 Rxb3 35. Kf2 Bf5 36. Rc7 Rxh3 0-1

[Event "Ì15Ï"]
[Site "Loo"]
[Date "2017.04.28"]
[Round "9.9"]
[White "Àáðàìîâ, Èëüÿ."]
[Black "Ðîëüãåéçåð, Ìàðòèí."]
[Result "0-1"]
[WhiteElo "1902"]
[BlackElo "1694"]
[PlyCount "70"]
[EventDate "2017.04.20"]

1. d4 d5 2. c4 c6 3. Nc3 Nf6 4. Nf3 e6 5. Bg5 h6 6. Bh4 g5 7. Bg3 dxc4 8. e3
Bg7 9. Bxc4 O-O 10. O-O Nbd7 11. Rc1 b5 12. Bd3 Bb7 13. Ne5 a6 14. Ne4 Nxe4 15.
Bxe4 Nxe5 16. dxe5 Qb6 17. Qf3 Rab8 18. Bxc6 Bxc6 19. Qxc6 Qa5 20. a3 b4 21.
Rc5 Rb5 22. Rxb5 axb5 23. axb4 Qxb4 24. Qc2 Rd8 25. f4 Rd2 26. Qc8+ Qf8 27. Qc3
Qd8 28. Bf2 Bf8 29. g3 b4 30. Qc1 Qd3 31. Qb1 Qe2 32. h4 gxh4 33. gxh4 Qg4+ 34.
Kh1 Qf3+ 35. Kg1 Be7 0-1

[Event "Ì15Ï"]
[Site "Loo"]
[Date "2017.04.28"]
[Round "9.10"]
[White "Êóìàðãàëèåâ, Ìàðñåëü."]
[Black "Øàêèðîâ, Ìàðàò."]
[Result "1-0"]
[WhiteElo "1716"]
[BlackElo "1849"]
[PlyCount "52"]
[EventDate "2017.04.20"]

1. e4 d6 2. d4 Nf6 3. Nc3 g6 4. f4 Bg7 5. Nf3 O-O 6. Bd3 Na6 7. O-O c5 8. d5
Nc7 9. Qe1 Rb8 10. a4 e6 11. dxe6 Bxe6 12. e5 dxe5 13. fxe5 Nfd5 14. Bg5 Qc8
15. Ne4 Ne8 16. Qh4 c4 17. Bh6 f6 18. Nfg5 fxg5 19. Nxg5 Nef6 20. exf6 Rxf6 21.
Nxe6 cxd3 22. Nxg7 Qc6 23. cxd3 Rf7 24. Rae1 Rc8 25. Re6 Qc5+ 26. d4 Qb4 1-0

[Event "Ì15Ï"]
[Site "Loo"]
[Date "2017.04.28"]
[Round "9.11"]
[White "ßðîø, Ðóñëàí."]
[Black "Áîçðèêîâ, Ìàòâåé."]
[Result "1-0"]
[WhiteElo "1814"]
[BlackElo "1781"]
[PlyCount "91"]
[EventDate "2017.04.20"]

1. e4 Nf6 2. Nc3 e5 3. Nf3 d6 4. d4 exd4 5. Nxd4 Be7 6. Be2 O-O 7. O-O Nc6 8.
Nxc6 bxc6 9. f4 Nd7 10. Be3 Bf6 11. Bd4 Re8 12. Bf3 Bb7 13. Re1 c5 14. Bxf6
Qxf6 15. Qd2 Qd8 16. Rad1 Nb6 17. b3 a6 18. a4 a5 19. e5 Bxf3 20. gxf3 Qd7 21.
Ne4 Qc6 22. exd6 Red8 23. Qe2 cxd6 24. Qb5 Rac8 25. Qxc6 Rxc6 26. Rxd6 Rcxd6
27. Nxd6 f6 28. Nb7 Rd2 29. c4 Rd3 30. Nxc5 Rxf3 31. Rf1 Rc3 32. Re1 Kf7 33.
Kf2 Nd5 34. Ne4 Rc2+ 35. Kg3 Nb4 36. Nd6+ Kg6 37. f5+ Kh6 38. Re6 Rc3+ 39. Kg4
g6 40. Rxf6 Nd3 41. Ne4 Rxb3 42. Re6 Rb4 43. Nd6 Nc5 44. Re5 Nxa4 45. f6 g5 46.
Rxg5 1-0

[Event "Ì15Ï"]
[Site "Loo"]
[Date "2017.04.28"]
[Round "9.12"]
[White "Ìîðãà÷åâ, Ñåðãåé."]
[Black "Áåëîâ, Êèðèëë."]
[Result "1-0"]
[WhiteElo "1814"]
[BlackElo "1615"]
[PlyCount "75"]
[EventDate "2017.04.20"]

1. d4 Nf6 2. c4 c5 3. d5 b5 4. cxb5 a6 5. f3 Bb7 6. e4 g6 7. Na3 Bg7 8. Ne2 O-O
9. Nc3 d6 10. Be2 Nbd7 11. O-O Nb6 12. bxa6 Bxa6 13. Nab5 Ne8 14. a4 e5 15.
dxe6 fxe6 16. a5 Nc8 17. Bc4 Bd4+ 18. Kh1 Ng7 19. Qb3 Kh8 20. Nxd4 cxd4 21.
Bxa6 Rxa6 22. Qc4 Rxa5 23. Rxa5 Qxa5 24. Qxd4 e5 25. Qd5 Qb6 26. Qb5 Qd8 27.
Be3 Ne6 28. Nd5 Rf7 29. Ra1 Rf8 30. Ra8 Nc7 31. Nxc7 Qxc7 32. Rb8 Qf7 33. Rb7
Qg8 34. Qd7 Rd8 35. Qc7 Re8 36. Bg5 Re6 37. Rb8 h6 38. Rxc8 1-0

[Event "Ì15Ï"]
[Site "Loo"]
[Date "2017.04.28"]
[Round "9.14"]
[White "Êîçëîâ, Äåíèñ."]
[Black "Ãàðèôçÿíîâ, Íèÿç."]
[Result "0-1"]
[WhiteElo "1789"]
[BlackElo "1874"]
[PlyCount "80"]
[EventDate "2017.04.20"]

1. d4 Nf6 2. c4 e6 3. g3 d5 4. Bg2 dxc4 5. Nf3 Nc6 6. O-O Rb8 7. Bg5 Be7 8. e3
h6 9. Bxf6 Bxf6 10. Nfd2 O-O 11. Nxc4 Ne7 12. Nc3 Nd5 13. Ne2 Nb6 14. Na5 c6
15. e4 e5 16. d5 Nxd5 17. exd5 Qxa5 18. d6 Bf5 19. Nc3 Qb4 20. Qd2 Bg5 21. f4
exf4 22. gxf4 Bf6 23. Rad1 Rbd8 24. Kh1 Bg4 25. Bf3 Bxc3 26. bxc3 Bxf3+ 27.
Rxf3 Qe4 28. Kg2 Rd7 29. Kf2 Rfd8 30. Rd3 Re8 31. Rd4 Qe6 32. c4 Qh3 33. Kg1
Re6 34. Rd3 Qg4+ 35. Kf2 Rf6 36. Rf3 Rg6 37. Rg3 Rgxd6 38. Qc3 Qxf4+ 39. Kg2
Rd2+ 40. Kh3 Qf5+ 0-1

[Event "Ì15Ï"]
[Site "Loo"]
[Date "2017.04.28"]
[Round "9.15"]
[White "Ïàâëîâ, Ìèõàèë."]
[Black "Êîðîëåâ, Êèðèëë."]
[Result "0-1"]
[WhiteElo "1762"]
[BlackElo "1854"]
[PlyCount "36"]
[EventDate "2017.04.20"]

1. e4 Nf6 2. e5 Nd5 3. d4 d6 4. Nf3 Nb6 5. c3 Nc6 6. exd6 Qxd6 7. Be2 Bf5 8.
Nbd2 O-O-O 9. Qb3 Bg6 10. O-O e5 11. dxe5 Nxe5 12. Nxe5 Qxe5 13. Bf3 Bd6 14. g3
Bd3 15. Rd1 Bc5 16. Nf1 Qf5 17. Kg2 Bc4 18. Rxd8+ Rxd8 0-1

[Event "Ì15Ï"]
[Site "Loo"]
[Date "2017.04.28"]
[Round "9.16"]
[White "Ãðèøèí, Ïàâåë."]
[Black "Êóçíåöîâ, Ñåðãåé."]
[Result "1-0"]
[WhiteElo "1840"]
[BlackElo "1517"]
[PlyCount "135"]
[EventDate "2017.04.20"]

1. e4 e6 2. d4 d5 3. Nc3 Bb4 4. e5 c5 5. a3 Bxc3+ 6. bxc3 Ne7 7. Qg4 Nbc6 8.
Nf3 Nf5 9. Bd3 Nce7 10. Nh4 Nxh4 11. Qxh4 Qc7 12. O-O Bd7 13. Bd2 c4 14. Bg5
Ba4 15. Be2 Nf5 16. Qh5 h6 17. Rfc1 Rg8 18. g4 g6 19. Qh3 Nxd4 20. cxd4 hxg5
21. Qe3 Qe7 22. Rab1 O-O-O 23. c3 Rh8 24. h3 Rh7 25. Kg2 Rf8 26. Bd1 Bxd1 27.
Rxd1 Rfh8 28. Rh1 Re8 29. Rhe1 a6 30. a4 Rhh8 31. a5 Rd8 32. Rb4 Rd7 33. Qd2
Rf8 34. Qb2 f5 35. exf6 Qxf6 36. Qe2 Rd6 37. Qe3 Qf4 38. Rb2 Qxe3 39. Rxe3 Rf6
40. Re5 Rd7 41. Rxg5 Re7 42. Re5 Rff7 43. Rb6 Rf6 44. Rxd5 Ref7 45. Rc5+ Kb8
46. Rb2 Rf3 47. Rxc4 Rd3 48. Rc6 Rff3 49. Rxe6 Rxh3 50. Rxg6 Rxc3 51. d5 Rhd3
52. d6 Rc5 53. Rg8+ Ka7 54. Rg7 Rb5 55. Rxb5 axb5 56. Rh7 Rxd6 57. Rh1 Ka6 58.
g5 Kxa5 59. f4 b4 60. Kf3 b3 61. f5 Kb5 62. g6 Rd7 63. f6 Rd6 64. f7 Rf6+ 65.
Ke4 b2 66. g7 Rxf7 67. g8=Q Re7+ 68. Kf4 1-0

[Event "Ì15Ï"]
[Site "Loo"]
[Date "2017.04.28"]
[Round "9.17"]
[White "Áðàæíèêîâ, Äìèòðèé."]
[Black "Äîí, Àëåêñàíäð."]
[Result "0-1"]
[WhiteElo "1465"]
[BlackElo "1836"]
[PlyCount "82"]
[EventDate "2017.04.20"]

1. e4 c5 2. Nf3 e6 3. d4 cxd4 4. Nxd4 Nf6 5. Nc3 a6 6. Be2 Bb4 7. Qd3 d5 8.
exd5 Nxd5 9. Bd2 O-O 10. O-O Nf6 11. a3 Be7 12. Rad1 Qc7 13. Qc4 Qxc4 14. Bxc4
b5 15. Bd3 Bb7 16. Rfe1 Nbd7 17. Ne4 Nxe4 18. Bxe4 Bxe4 19. Rxe4 Nc5 20. Re3
Na4 21. Nc6 Bc5 22. Rb3 Rac8 23. Nb4 Bd4 24. c3 Nc5 25. cxd4 Nxb3 26. Bc3 a5
27. Nd3 Rfd8 28. Ne5 Nxd4 29. Kf1 Nb3 30. Rxd8+ Rxd8 31. Nc6 Ra8 32. Ke2 f6 33.
Kd1 Ra6 34. Kc2 Na1+ 35. Kb1 Rxc6 36. Kxa1 a4 37. Kb1 Kf7 38. Kc2 e5 39. b3 Ke6
40. bxa4 bxa4 41. Kd3 Kd5 0-1

[Event "Ì15Ï"]
[Site "Loo"]
[Date "2017.04.28"]
[Round "9.18"]
[White "Áàëàøîâ, Åãîð."]
[Black "Ãåéí, Âëàäèìèð."]
[Result "0-1"]
[WhiteElo "1729"]
[BlackElo "1822"]
[PlyCount "78"]
[EventDate "2017.04.20"]

1. d4 d5 2. c4 c6 3. Qc2 Nf6 4. Nf3 g6 5. Bf4 Bg7 6. e3 O-O 7. Nc3 Be6 8. Qb3
Qb6 9. Na4 Qa5+ 10. Nc3 Qb6 11. c5 Qxb3 12. axb3 Nbd7 13. Bd3 h6 14. h3 Bf5 15.
Bxf5 gxf5 16. b4 a6 17. Nd2 Ne4 18. Nb3 e5 19. Bh2 f4 20. O-O f5 21. Ne2 fxe3
22. fxe3 Rf7 23. Na5 exd4 24. Nxd4 Bxd4 25. exd4 Nf8 26. Rf3 Ne6 27. Raf1 Nxd4
28. Rd3 Ne6 29. Nb3 Kh7 30. Nd4 Nxd4 31. Rxd4 Rg8 32. Be5 Rff8 33. Rd3 Rg6 34.
Kh2 Re6 35. Bd4 Kg6 36. g4 f4 37. Rdf3 Nd2 38. R1f2 Nxf3+ 39. Rxf3 Re4 0-1

[Event "Ì15Ï"]
[Site "Loo"]
[Date "2017.04.28"]
[Round "9.19"]
[White "Ðóäîâñêèé, Ôèëèïï."]
[Black "Êàðàâàåâ, Àëåêñàíäð."]
[Result "1-0"]
[WhiteElo "1710"]
[BlackElo "1794"]
[PlyCount "23"]
[EventDate "2017.04.20"]

1. e4 c5 2. d4 cxd4 3. c3 dxc3 4. Nxc3 Nc6 5. Nf3 d6 6. Bc4 Nf6 7. e5 Ng4 8.
Bf4 Qb6 9. O-O Ngxe5 10. Bxe5 Nxe5 11. Nxe5 dxe5 12. Bb5+ 1-0

[Event "Ì15Ï"]
[Site "Loo"]
[Date "2017.04.28"]
[Round "9.20"]
[White "Àäûðáàåâ, Àëüáåðò."]
[Black "Ìàðóñîâ, Àëåêñåé."]
[Result "1-0"]
[WhiteElo "2008"]
[BlackElo "1752"]
[PlyCount "75"]
[EventDate "2017.04.20"]

1. Nf3 Nf6 2. g3 d5 3. Bg2 Bf5 4. O-O e6 5. d4 Be7 6. c4 c6 7. Nbd2 Nbd7 8. b3
O-O 9. Bb2 Ne4 10. Rc1 Re8 11. Ne1 Ndf6 12. Nd3 Bd6 13. Nf3 Nd7 14. Nh4 h6 15.
Nxf5 exf5 16. e3 Qg5 17. cxd5 cxd5 18. Nf4 Bxf4 19. exf4 Qf6 20. Rc7 Nb6 21.
Qd3 Rab8 22. a4 Rec8 23. Rfc1 Rxc7 24. Rxc7 Qd8 25. Rc2 Rc8 26. Re2 Rc6 27. f3
Nd6 28. Ba3 Nbc8 29. Bh3 g6 30. Re5 Ne7 31. Re2 Kf8 32. Qe3 f6 33. Bf1 Qc7 34.
Re1 Ndc8 35. Bb5 Rc3 36. Qe6 a6 37. Bd7 Rxb3 38. Bxe7+ 1-0

[Event "Ì15Ï"]
[Site "Loo"]
[Date "2017.04.28"]
[Round "9.21"]
[White "Åðîõèí, Àðòåì."]
[Black "Þí, Âÿ÷åñëàâ."]
[Result "1/2-1/2"]
[WhiteElo "1705"]
[BlackElo "1878"]
[PlyCount "119"]
[EventDate "2017.04.20"]

1. e4 Nf6 2. e5 Nd5 3. c4 Nb6 4. d4 d6 5. exd6 exd6 6. Nc3 Nc6 7. Nf3 Bg4 8.
Be3 Be7 9. Be2 O-O 10. Qd2 Re8 11. h3 Bxf3 12. gxf3 Bf6 13. O-O-O d5 14. c5 Nc8
15. Rhg1 N8e7 16. Bd3 b6 17. Bb5 a6 18. Bg5 Bxg5 19. Qxg5 g6 20. Bxc6 Nxc6 21.
Qxd5 Qf6 22. Qg5 Qxg5+ 23. Rxg5 h6 24. Rgg1 Rad8 25. d5 Ne7 26. d6 cxd6 27.
cxd6 Nf5 28. Ne4 Re6 29. d7 Kf8 30. Rd3 Ke7 31. Rgd1 Rc6+ 32. Kb1 Re6 33. Nc3
Rd6 34. Rxd6 Nxd6 35. Nd5+ Kxd7 36. Nxb6+ Kc7 37. Nd5+ Kc6 38. Nc3 Re8 39. Rc1
Kd7 40. Nd5 Re5 41. Nb6+ Ke7 42. Rc7+ Ke6 43. Rc6 Re2 44. Nc4 Kd5 45. Rxd6+
Kxc4 46. Rxa6 Rxf2 47. Rf6 Rf1+ 48. Kc2 Rf2+ 49. Kc1 Kd3 50. Rd6+ Kc4 51. b3+
Kc5 52. Rf6 Rxa2 53. Rxf7 Rh2 54. Rf6 Rxh3 55. Rxg6 Rxf3 56. Rxh6 Rxb3 57. Kc2
Rb8 58. Kc3 Rg8 59. Rh5+ Kc6 60. Rh6+ 1/2-1/2

[Event "Ì15Ï"]
[Site "Loo"]
[Date "2017.04.28"]
[Round "9.22"]
[White "Ñîëîäÿíêèí, Òèìîôåé."]
[Black "Àíèñèìîâ, Àðòåì."]
[Result "1/2-1/2"]
[WhiteElo "1867"]
[BlackElo "1683"]
[PlyCount "46"]
[EventDate "2017.04.20"]

1. d4 Nf6 2. c4 c5 3. Nf3 e6 4. Nc3 cxd4 5. Nxd4 Bb4 6. Bd2 Nc6 7. Nb3 O-O 8.
a3 Be7 9. Bf4 d6 10. g3 a6 11. Bg2 Qc7 12. c5 Rd8 13. Qc2 b6 14. O-O Bb7 15.
Rfd1 Rac8 16. cxd6 Bxd6 17. Bxd6 Rxd6 18. Rxd6 Qxd6 19. Na4 Nd7 20. Nc3 Nf6 21.
Na4 Nd7 22. Nc3 Nf6 23. Na4 Nd7 1/2-1/2